[Event "Xtracon Chess Open 2018"]
[Site "Elsinore"]
[Date "2018.07.25"]
[Round "6"]
[White "Dishman, Matthew"]
[Black "Andersson, Lars"]
[Result "1-0"]
[WhiteElo "1820"]
[BlackElo "2022"]
[EventDate "2018.07.21"]
[WhiteFideId "438642"]
[BlackFideId "1706772"]

1.e4 c6 2.d4 d5 3.Nc3 dxe4 4.Nxe4 Bf5 5.Ng3 Bg6 6.h4 h6 7.Nf3 Nd7 8.h5 Bh7
9.Bd3 Bxd3 10.Qxd3 e6 11.Bd2 Ngf6 12.O-O-O Be7 13.Ne4 O-O 14.Nxf6+ Nxf6 
15.g4 Nxg4 16.Rhg1 f5 17.Qe2 Qd6 18.Ne5 Bg5 19.Bxg5 hxg5 20.Ng6 Rfe8 21.f3
Nf6 22.Rxg5 Kh7 23.Qg2 Qc7 24.Rg1 Rg8 25.Ne5 Rae8 26.Rxf5 Ref8 27.Rg5 c5 
28.dxc5 a6 29.c3 Rd8 30.Qc2+ Kh8 31.Ng6+ Kh7 32.Nf8+ Kh8 33.Qh7+ Nxh7 34.
Ng6# 1-0

[Event "Xtracon Chess Open 2018"]
[Site "Elsinore"]
[Date "2018.07.25"]
[Round "6"]
[White "Roder, Peter Ulrik"]
[Black "Pavlov, Mikhail"]
[Result "1/2-1/2"]
[WhiteElo "2021"]
[BlackElo "1830"]
[EventDate "2018.07.21"]
[WhiteFideId "1402471"]
[BlackFideId "44126573"]

1.Nf3 Nf6 2.c4 c5 3.Nc3 g6 4.g3 Bg7 5.Bg2 Nc6 6.O-O O-O 7.d3 d6 8.Rb1 Bg4 
9.a3 a5 10.Bg5 Nd7 11.h3 Be6 12.Qd2 f6 13.Bh6 Bf7 14.Bxg7 Kxg7 15.b3 e5 
16.Ne1 Rb8 17.Nc2 Ne7 18.b4 b6 19.bxa5 bxa5 20.Rxb8 Nxb8 21.Rb1 Nbc6 22.
Ne3 Be6 23.Ned5 Bc8 24.e3 h5 25.f4 Nf5 26.Qf2 exf4 27.gxf4 g5 28.Ne4 Nce7 
29.Ng3 Nxg3 30.Qxg3 Nf5 31.Qf2 Nh4 32.Kh2 Nxg2 33.Qxg2 g4 34.h4 Kh6 35.Kg3
Be6 36.Rb7 Rf7 37.Rxf7 Bxf7 38.Nc3 Qe7 39.Qd2 Qb7 40.e4 Qb3 41.e5 dxe5 42.
fxe5+ Kh7 43.Ne4 fxe5 44.Ng5+ Kg8 45.Nxf7 Kxf7 46.Qf2+ Ke6 47.Qe3 Qxa3 
1/2-1/2

[Event "Xtracon Chess Open 2018"]
[Site "Elsinore"]
[Date "2018.07.25"]
[Round "6"]
[White "Hansen, Simon L."]
[Black "Hakansson, Stefan"]
[Result "1/2-1/2"]
[WhiteElo "1816"]
[BlackElo "2019"]
[EventDate "2018.07.21"]
[WhiteFideId "1446894"]
[BlackFideId "1708198"]

1.d4 d5 2.c4 e6 3.Nc3 c6 4.e3 f5 5.Bd3 Nf6 6.Nge2 Bd6 7.O-O O-O 8.f3 Qc7 
9.g3 Qe7 10.Qc2 a6 11.e4 dxc4 12.Bxc4 fxe4 13.Nxe4 Nd5 14.Bg5 Qc7 15.a3 
Nd7 16.Rae1 N7f6 17.Bd3 h6 18.Bd2 Be7 19.Nf4 Nxf4 20.Bxf4 Qb6 21.Nc5 Nd5 
22.Be5 Bf6 23.f4 Qd8 24.Qe2 b6 25.Ne4 Ne7 26.Qh5 Bxe5 27.Qxe5 Nf5 28.Nf2 
Qxd4 29.Bxf5 Qxe5 30.Bh7+ Kxh7 31.Rxe5 Rd8 32.Rfe1 Rd2 33.R1e2 Rd5 34.R2e3
Ra7 35.Nd3 c5 36.Kf2 Rad7 37.Nc1 Rd2+ 38.Re2 R7d6 39.Na2 Rxe2+ 40.Kxe2 a5 
41.Nc3 Bb7 42.Ke3 Ba6 43.Ne4 Rd3+ 44.Kf2 Bc4 45.Ke1 Rb3 46.Nd2 Rxb2 47.
Nxc4 Rb1+ 48.Kd2 b5 49.Nxa5 b4 50.axb4 cxb4 51.Rxe6 Rb2+ 52.Kd3 Rxh2 53.
Kc4 Rh3 54.Re3 Kg6 55.Nc6 h5 56.Rb3 Kf5 1/2-1/2

[Event "Xtracon Chess Open 2018"]
[Site "Elsinore"]
[Date "2018.07.25"]
[Round "6"]
[White "Rasmussen, Ken L."]
[Black "Ponomarev, Denis"]
[Result "1-0"]
[WhiteElo "2009"]
[BlackElo "1797"]
[EventDate "2018.07.21"]
[WhiteFideId "1443933"]
[BlackFideId "44136650"]

1.e4 c5 2.Nf3 e6 3.d3 Nc6 4.g3 g6 5.d4 cxd4 6.Nxd4 Bg7 7.Nb5 d5 8.exd5 
exd5 9.Bg2 Nge7 10.O-O O-O 11.c3 a6 12.Nd4 Qb6 13.Nb3 Be6 14.Be3 Qc7 15.
N1d2 Rad8 16.Nf3 Nf5 17.Bg5 Rc8 18.Qd2 a5 19.Bf4 Qb6 20.g4 Nfe7 21.Be3 Qd8
22.h3 b5 23.Bh6 f5 24.Bxg7 Kxg7 25.Nbd4 Qd6 26.Ng5 Rf6 27.Ndxe6+ Rxe6 28.
Nxe6+ Qxe6 29.Rfe1 Qd7 30.g5 f4 31.Qxf4 Rf8 32.Qe3 Qf5 33.Rad1 d4 34.cxd4 
Nd5 35.Bxd5 Qxd5 36.f4 Qxa2 37.d5 Nd8 38.Qc3+ Kg8 39.Re7 Nf7 40.d6 Qa4 41.
Rf1 1-0

[Event "Xtracon Chess Open 2018"]
[Site "Elsinore"]
[Date "2018.07.25"]
[Round "6"]
[White "Jensen, Morten Frank"]
[Black "Manz, Andreas"]
[Result "1-0"]
[WhiteElo "2007"]
[BlackElo "1791"]
[EventDate "2018.07.21"]
[WhiteFideId "1407325"]
[BlackFideId "24660108"]

1.g3 d5 2.Bg2 Nf6 3.c4 e6 4.Nf3 dxc4 5.Na3 Bxa3 6.Qa4+ Nc6 7.Qxa3 Qd6 8.b3
Qxa3 9.Bxa3 cxb3 10.axb3 Nd5 11.O-O Nce7 12.Ra2 c6 13.Ne5 Nb6 14.Rfa1 f6 
15.Bc5 Nbd5 16.Nc4 a6 17.e4 Nc7 18.Nd6+ Kf8 19.Bh3 Nb5 20.Nxc8 Rxc8 21.
Bxe6 Rd8 22.f3 Nd4 23.Bxd4 Rxd4 24.Kf2 Rd6 25.Bc4 Nc8 26.Ke3 Ke7 27.d4 
Rhd8 28.Rd2 Nb6 29.f4 h6 30.h4 Ra8 31.Ra5 Rad8 32.g4 Rh8 33.h5 Nxc4+ 34.
bxc4 Re8 35.Rb2 Rd7 36.Ra1 Ra8 37.c5 Rc7 38.Rab1 Ra7 39.Kd3 Kd7 40.Kc4 Kc8
41.Kd3 Rd7 42.Kc4 Rc7 43.d5 cxd5+ 44.exd5 b5+ 45.Kd4 Re7 46.d6 Rad7 47.Ra2
Kb7 48.Rba1 1-0

[Event "Xtracon Chess Open 2018"]
[Site "Elsinore"]
[Date "2018.07.25"]
[Round "6"]
[White "Greeuw, Sietske"]
[Black "Halberg, Jesper"]
[Result "1-0"]
[WhiteElo "1998"]
[BlackElo "1702"]
[EventDate "2018.07.21"]
[WhiteFideId "1020285"]
[BlackFideId "1451278"]

1.e4 c5 2.c3 d5 3.exd5 Nf6 4.d4 Nxd5 5.Nf3 e6 6.Be2 Nc6 7.O-O Be7 8.dxc5 
Bxc5 9.b4 Be7 10.Qc2 O-O 11.a3 Bf6 12.Ra2 Qc7 13.Bg5 Nce7 14.c4 Nf4 15.
Bxf6 Nxe2+ 16.Qxe2 gxf6 17.Nc3 b6 18.Rd2 Ba6 19.Rd4 Ng6 20.Ne4 Qe7 21.Rfd1
Rad8 22.Nd6 Kh8 23.Nxf7+ Qxf7 24.Rxd8 Rxd8 25.Rxd8+ Nf8 26.h3 Kg7 27.Nh4 
Qc7 28.Rd4 Kf7 29.Qh5+ Ke7 30.Qh6 Qe5 31.Nf3 Qf5 32.Qg7+ Ke8 33.Qc7 e5 34.
Rd8# 1-0

[Event "Xtracon Chess Open 2018"]
[Site "Elsinore"]
[Date "2018.07.25"]
[Round "6"]
[White "Schouten, Mathias Lind"]
[Black "Rosell, Sven"]
[Result "1/2-1/2"]
[WhiteElo "1784"]
[BlackElo "1983"]
[EventDate "2018.07.21"]
[WhiteFideId "1532790"]
[BlackFideId "1707760"]

1.e4 c6 2.d4 d5 3.exd5 cxd5 4.Bf4 Nc6 5.c3 Nf6 6.Nf3 Bg4 7.Qb3 Qd7 8.Ne5 
Qc8 9.Nxg4 Nxg4 10.Qxd5 Nf6 11.Qf3 g6 12.Bb5 Bg7 13.d5 O-O 14.dxc6 Qe6+ 
15.Qe2 Qxe2+ 16.Kxe2 bxc6 17.Bxc6 Rac8 18.Ba4 Rc4 19.Be3 Rxa4 20.b3 Ra5 
21.a4 Nd5 22.Bd2 Ra6 23.Ra3 Re6+ 24.Kd1 Rd8 25.b4 Rf6 26.Ke2 Re6+ 27.Kd1 
Nf4 28.g3 Nd3 29.Rf1 Nb2+ 30.Kc1 Nc4 31.Ra2 Re2 32.Rc2 Ne5 33.Be3 Nd3+ 34.
Kd1 Nxb4+ 35.Kxe2 Nxc2 36.Bd2 Na1 37.Be3 1/2-1/2

[Event "Xtracon Chess Open 2018"]
[Site "Elsinore"]
[Date "2018.07.25"]
[Round "6"]
[White "Ramkilde, Mikael"]
[Black "Saravana, Vedant Kumar"]
[Result "1/2-1/2"]
[WhiteElo "1971"]
[BlackElo "1691"]
[EventDate "2018.07.21"]
[WhiteFideId "1439391"]
[BlackFideId "45059730"]

1.e4 e5 2.Nf3 Nc6 3.d4 exd4 4.Bc4 d6 5.Nxd4 Nxd4 6.Qxd4 Nf6 7.Nc3 Be7 8.
O-O O-O 9.b3 Re8 10.Bb2 Bf8 11.f4 Be6 12.Nd5 Nxd5 13.exd5 Bf5 14.Qf2 Qe7 
15.Rae1 Qd7 16.Rd1 a6 17.h3 b5 18.Bd3 Bxd3 19.Rxd3 Qf5 20.Rd4 Re7 21.g4 
Qd7 22.Rd2 Rae8 23.Bd4 f5 24.g5 Re4 25.Kg2 Qe7 26.Qf3 Re2+ 27.Rxe2 Qxe2+ 
28.Qxe2 Rxe2+ 29.Rf2 Re4 30.Ba7 Be7 31.Kf3 Kf7 32.Re2 Rxe2 33.Kxe2 g6 34.
Kd3 Ke8 35.Kc3 Kd7 36.Kb4 Kc8 37.a4 bxa4 38.Kxa4 Kb7 39.Be3 Bd8 40.c4 c6 
41.dxc6+ Kxc6 1/2-1/2

[Event "Xtracon Chess Open 2018"]
[Site "Elsinore"]
[Date "2018.07.25"]
[Round "6"]
[White "Rygg, Andreas Gangstad"]
[Black "Mehringer, Joerg"]
[Result "1/2-1/2"]
[WhiteElo "1759"]
[BlackElo "1933"]
[EventDate "2018.07.21"]
[WhiteFideId "1527754"]
[BlackFideId "12915351"]

1.e4 e5 2.Nf3 Nc6 3.Nc3 d6 4.Bb5 Nf6 5.d4 exd4 6.Nxd4 Bd7 7.Bxc6 bxc6 8.
O-O Be7 9.Re1 O-O 10.Nf5 Re8 11.Nxe7+ Qxe7 12.Bf4 Rab8 13.b3 Ng4 14.Qd2 
Qf6 15.Bg5 Qg6 16.f3 Ne5 17.Kh1 Qh5 18.Rf1 a6 19.Ne2 f6 20.Be3 g5 21.Ng3 
Qg6 22.Rae1 h5 23.Ne2 Nf7 24.h3 Kh7 25.g4 hxg4 26.hxg4 Bxg4 27.fxg4 Qxe4+ 
28.Kg1 Qxe3+ 29.Qxe3 Rxe3 30.Rxf6 Kg7 31.Rf5 Rbe8 32.Ref1 Rxe2 33.Rxf7+ 
Kg8 34.R7f5 R2e5 35.Rf7 Re4 36.Rxc7 Rxg4+ 37.Kh1 Rh4+ 38.Kg1 Rg4+ 39.Kh1 
Re3 40.Rf2 c5 41.Kh2 Rh4+ 42.Kg2 Rg4+ 43.Kh2 Rf4 44.Rd2 Rd4 45.Rxd4 cxd4 
46.Rc6 Rc3 47.Rxd6 Rxc2+ 48.Kg3 Rxa2 49.Rxd4 Ra3 50.Kg4 Rxb3 51.Kxg5 Kf7 
52.Kf5 Rb5+ 53.Ke4 Ke6 54.Rd8 a5 55.Kd4 a4 56.Kc4 Ra5 57.Kb4 Ra7 58.Ka3 
1/2-1/2

[Event "Xtracon Chess Open 2018"]
[Site "Elsinore"]
[Date "2018.07.25"]
[Round "6"]
[White "Bremer, Erik"]
[Black "Stage, Mathias Juul"]
[Result "1/2-1/2"]
[WhiteElo "1476"]
[BlackElo "1447"]
[EventDate "2018.07.21"]
[WhiteFideId "1411578"]
[BlackFideId "1463306"]

1.f4 g6 2.e3 Bg7 3.Nf3 Nf6 4.Be2 d6 5.O-O Nbd7 6.Nc3 b6 7.d3 Bb7 8.e4 e5 
9.fxe5 Nxe5 10.Nxe5 dxe5 11.Bg5 Qd6 12.Nb5 Qc6 13.Nxc7+ Qxc7 14.Bxf6 Bxf6 
15.Rxf6 O-O 16.Kh1 Qe7 17.Qf1 Rac8 18.c3 Rc7 19.Rc1 Bc8 20.Rf2 f5 21.exf5 
Qg5 22.Bf3 Rxf5 23.Bd5+ Kg7 24.Rxf5 Qxf5 25.Qxf5 Bxf5 26.Be4 Bxe4 27.dxe4 
Rd7 28.b4 Rd2 29.a4 Re2 30.a5 b5 31.Kg1 Rxe4 1/2-1/2

[Event "Xtracon Chess Open 2018"]
[Site "Elsinore"]
[Date "2018.07.25"]
[Round "6"]
[White "Hansen, Tommy"]
[Black "Linderod, Lars Erik"]
[Result "1/2-1/2"]
[WhiteElo "1732"]
[BlackElo "1931"]
[EventDate "2018.07.21"]
[WhiteFideId "1511009"]
[BlackFideId "1435965"]

1.e4 g6 2.d4 Bg7 3.Nc3 d6 4.h4 Nf6 5.Be2 c5 6.dxc5 Qa5 7.Bd2 Qxc5 8.h5 Rg8
9.hxg6 hxg6 10.Be3 Qb4 11.Qd4 Nc6 12.Qxb4 Nxb4 13.O-O-O Ng4 14.Bxg4 Bxg4 
15.f3 Bd7 1/2-1/2

[Event "Xtracon Chess Open 2018"]
[Site "Elsinore"]
[Date "2018.07.25"]
[Round "6"]
[White "Amin, Idris"]
[Black "Thannheiser, Thomas"]
[Result "1-0"]
[WhiteElo "1855"]
[BlackElo "2201"]
[EventDate "2018.07.21"]
[WhiteFideId "1746022"]
[BlackFideId "4691059"]

1.d4 Nf6 2.Bf4 g6 3.e3 Bg7 4.Nf3 d6 5.Be2 Nbd7 6.O-O O-O 7.Nbd2 Qe8 8.h3 
e5 9.dxe5 Nxe5 10.c3 Nfd7 11.Nc4 a5 12.a4 Nc5 13.Nd4 Nxc4 14.Bxc4 Qe7 15.
Nb5 Rd8 16.Qf3 Bf5 17.Rfd1 Bc2 18.Rd2 Be4 19.Qg3 d5 20.Ba2 Bd3 21.Qh2 Bxb5
22.axb5 c6 23.b6 Ne6 24.Rad1 Nxf4 25.Qxf4 Be5 26.Qf3 Qf6 27.Qg4 h5 28.Qa4 
Kg7 29.e4 dxe4 30.Rd7 Rxd7 31.Rxd7 Rf8 32.Qxe4 h4 33.Rxb7 Qg5 34.Kf1 Qc1+ 
35.Qe1 Qf4 36.Re7 Bd6 37.Re4 Qf6 38.Re3 Bc5 39.Rf3 Qd8 40.b7 f6 41.Bc4 Re8
42.Qc1 Ba7 43.Rd3 Qc7 44.Qd2 Re7 45.Rd8 f5 46.Rg8+ Kf6 47.Qh6 Qxb7 48.
Rxg6+ Ke5 49.Qh8+ Ke4 50.Qxh4+ f4 51.f3+ Ke3 52.Qf2# 1-0

[Event "Xtracon Chess Open 2018"]
[Site "Elsinore"]
[Date "2018.07.25"]
[Round "6"]
[White "Nielsen, Thomas Bach"]
[Black "Jonsson, Olafur Gisli"]
[Result "1-0"]
[WhiteElo "2111"]
[BlackElo "1844"]
[EventDate "2018.07.21"]
[WhiteFideId "1401785"]
[BlackFideId "2302705"]

1.d4 d5 2.c4 c6 3.cxd5 cxd5 4.Nf3 Nf6 5.Nc3 Nc6 6.Bf4 Bf5 7.e3 e6 8.Ne5 
Rc8 9.Bb5 Be7 10.Nxc6 bxc6 11.Ba6 O-O 12.Bxc8 Qxc8 13.O-O c5 14.dxc5 Qxc5 
15.Rc1 Qb6 16.Na4 Qa5 17.Qd4 Ne4 18.Rc7 Bf6 19.Rxa7 Qb5 20.Be5 Qe2 21.Bxf6
gxf6 22.Nc3 Nxc3 23.Qxc3 e5 24.Re1 Qh5 25.f3 Be6 26.b4 Kh8 27.Qa3 Rg8 28.
Ra8 Bc8 29.Kh1 h6 30.Qc3 Qg6 31.Qd2 Kh7 32.Rc1 Qf5 33.Qc2 Qxc2 34.Rxc2 Bf5
35.Rxg8 Bxc2 36.Rd8 1-0

[Event "Xtracon Chess Open 2018"]
[Site "Elsinore"]
[Date "2018.07.25"]
[Round "6"]
[White "Dahl, Max"]
[Black "Mejvik, Jacob"]
[Result "0-1"]
[WhiteElo "1848"]
[BlackElo "2099"]
[EventDate "2018.07.21"]
[WhiteFideId "1526626"]
[BlackFideId "1710621"]

1.e4 e5 2.Nf3 Nc6 3.Bb5 a6 4.Bxc6 dxc6 5.h3 Ne7 6.Nc3 Ng6 7.d4 exd4 8.Qxd4
Qxd4 9.Nxd4 Bd7 10.Be3 O-O-O 11.O-O-O Ne5 12.f3 Bb4 13.Nce2 b6 14.c3 Bf8 
15.Nc2 Be7 16.b3 f6 17.Kb2 c5 18.Nf4 Rhe8 19.Nd5 Bf8 20.c4 Kb7 21.Nc3 g6 
22.Rd2 Be6 23.Rhd1 Rxd2 24.Bxd2 Bg7 25.Be1 Nc6 26.Kc1 f5 27.exf5 Bxf5 28.
g4 Bxc2 29.Kxc2 Nd4+ 30.Kd3 Nxf3 31.Bg3 Ng5 32.h4 Bxc3 33.hxg5 Rd8+ 34.Kc2
Bd4 35.Re1 Rd7 36.Re8 Rf7 37.Re2 b5 38.Bh2 bxc4 39.bxc4 Kb6 40.Kd3 Ka5 41.
Re6 Rf3+ 42.Ke4 Re3+ 43.Kd5 Rxe6 44.Kxe6 Kb4 45.Bxc7 Kxc4 46.Kf7 Be3 47.
Kg8 Bxg5 48.Kxh7 Bd2 49.Kxg6 Kd3 50.Kf5 c4 51.Bd6 c3 52.Ba3 c2 53.Ke6 Kc4 
54.Kd7 c1=Q 55.Bxc1 Bxc1 56.Kc6 a5 57.Kb6 Kb4 58.g5 Bxg5 59.a3+ Ka4 60.Ka6
Bd2 0-1

[Event "Xtracon Chess Open 2018"]
[Site "Elsinore"]
[Date "2018.07.25"]
[Round "6"]
[White "Pallesen, Jacob"]
[Black "Matras, Ove"]
[Result "0-1"]
[WhiteElo "2058"]
[BlackElo "1839"]
[EventDate "2018.07.21"]
[WhiteFideId "1404881"]
[BlackFideId "1416790"]

1.e4 Nf6 2.Nc3 d5 3.d4 dxe4 4.f3 exf3 5.Nxf3 Bg4 6.h3 Bxf3 7.Qxf3 c6 8.Be3
e6 9.Bd3 Be7 10.Rf1 Nbd7 11.g4 h6 12.h4 g5 13.hxg5 hxg5 14.Bxg5 Qa5 15.Bd2
O-O-O 16.g5 Ne8 17.Ne4 Qd5 18.c4 Qxd4 19.Bc3 Bb4 20.Bxb4 Ne5 21.O-O-O Nxf3
22.Rxf3 Rh2 23.Bc3 Qb6 24.c5 Qc7 25.Rdf1 Rd7 26.Be1 Rg2 27.Bg3 Qa5 28.Kb1 
Qb4 29.Bc2 Rxc2 0-1

[Event "Xtracon Chess Open 2018"]
[Site "Elsinore"]
[Date "2018.07.25"]
[Round "6"]
[White "Sjol, Henrik"]
[Black "Koellner, Aaron Noah"]
[Result "1-0"]
[WhiteElo "1841"]
[BlackElo "1992"]
[EventDate "2018.07.21"]
[WhiteFideId "1505629"]
[BlackFideId "12993085"]

1.d4 Nf6 2.Nf3 d5 3.c4 e6 4.Nc3 Be7 5.Bg5 Nbd7 6.e3 Ne4 7.Bxe7 Qxe7 8.cxd5
Nxc3 9.bxc3 exd5 10.Bd3 O-O 11.O-O Nf6 12.Ne5 Ne4 13.c4 c6 14.Qc2 f6 15.
Nf3 Bg4 16.Nd2 Rae8 17.Rae1 f5 18.Nb3 Qg5 19.f3 Bh3 20.Kh1 Qh5 21.fxe4 Bg4
22.e5 Re6 23.Qf2 Rh6 24.g3 f4 25.exf4 g5 26.Be2 gxf4 27.Bxg4 Qxg4 28.gxf4 
Kh8 29.cxd5 Qc8 30.d6 Rf5 31.Re2 Qe6 32.Nc5 Qd5+ 33.Qg2 Qxd4 34.Ne6 Rxe6 
35.Rd2 Qb6 36.Qg4 Rexe5 37.Rg1 Rg5 38.Qc8+ Kg7 39.Rxg5+ Rxg5 40.Qc7+ Qxc7 
41.dxc7 Rf5 42.c8=Q Rxf4 43.Qc7+ Rf7 44.Rg2+ Kf8 45.Qd8# 1-0

[Event "Xtracon Chess Open 2018"]
[Site "Elsinore"]
[Date "2018.07.25"]
[Round "6"]
[White "Nielsen, Henrik Wendelbo"]
[Black "Slettebo, Jan"]
[Result "0-1"]
[WhiteElo "1831"]
[BlackElo "1987"]
[EventDate "2018.07.21"]
[WhiteFideId "1412302"]
[BlackFideId "1704958"]

1.d4 d5 2.c4 c6 3.cxd5 cxd5 4.Nc3 Nf6 5.Nf3 Nc6 6.Bf4 Bg4 7.Ne5 Qb6 8.Nxc6
bxc6 9.Qc2 e6 10.e3 Bf5 11.Bd3 Bxd3 12.Qxd3 Qxb2 13.Rb1 Qa3 14.O-O Bb4 15.
Rb3 Qa5 16.Rc1 O-O 17.a3 Be7 18.h3 c5 19.dxc5 Bxc5 20.Nb5 Rac8 21.Rbc3 Ne4
22.R3c2 Qb6 23.f3 e5 24.fxe4 exf4 25.Kh1 dxe4 26.Qd5 Qxb5 27.exf4 Qd3 28.
Qf5 Qxa3 29.Qxe4 Rce8 30.Qc6 Bb6 31.Rc3 Qe7 32.Qf3 Qe4 33.Qg4 g6 34.Rc4 
Qe2 35.Qh4 Rd8 0-1

[Event "Xtracon Chess Open 2018"]
[Site "Elsinore"]
[Date "2018.07.25"]
[Round "6"]
[White "Larsen, Preben R."]
[Black "Preuss, Flemming"]
[Result "1-0"]
[WhiteElo "1803"]
[BlackElo "1971"]
[EventDate "2018.07.21"]
[WhiteFideId "1425790"]
[BlackFideId "1403338"]

1.e4 c5 2.Nf3 Nc6 3.d4 cxd4 4.Nxd4 e5 5.Nb5 d6 6.N1c3 a6 7.Na3 b5 8.Nd5 
Nf6 9.Be3 Nxd5 10.exd5 Ne7 11.c4 g6 12.cxb5 Bg7 13.Rc1 O-O 14.b6 f5 15.Bg5
h6 16.Bxe7 Qxe7 17.Rc7 Qh4 18.b7 Bxb7 19.Rxb7 Rac8 20.Be2 e4 21.O-O f4 22.
Rxg7+ Kxg7 23.Qd4+ Kh7 24.Qxe4 Rce8 25.Qd3 Rxe2 26.Qxe2 f3 27.gxf3 Rf5 28.
Qc4 Rg5+ 29.Kh1 Qh3 30.Qc7+ Kh8 31.Qd8+ Kh7 32.Qe7+ Kh8 33.Qf6+ Kh7 34.Rg1
Qh4 35.Rxg5 hxg5 36.Kg2 Qb4 37.Qf7+ Kh6 38.Qf8+ Kh7 39.Qe7+ Kh6 40.Qe2 Qd4
41.Qxa6 g4 42.Qxd6 gxf3+ 43.Kg3 Qxb2 44.Nc4 Qxa2 45.Ne5 Qxf2+ 46.Kxf2 1-0

[Event "Xtracon Chess Open 2018"]
[Site "Elsinore"]
[Date "2018.07.25"]
[Round "6"]
[White "Densing, Gerd"]
[Black "Askerov, Imamali"]
[Result "1/2-1/2"]
[WhiteElo "1794"]
[BlackElo "1970"]
[EventDate "2018.07.21"]
[WhiteFideId "24621013"]
[BlackFideId "12974498"]

1.d4 Nf6 2.Nf3 c5 3.e3 g6 4.b3 Bg7 5.Bb2 O-O 6.Bd3 b6 7.O-O Bb7 8.Nbd2 Nc6
9.c4 cxd4 10.exd4 d5 11.a3 Rc8 12.Rc1 Re8 13.Re1 Rc7 14.Ne5 dxc4 15.Nxc6 
Bxc6 16.bxc4 e6 17.Bf1 Qd6 18.Nf3 Rcc8 19.Qb3 Ba8 20.Ne5 Red8 21.Rcd1 Nd7 
22.Nxd7 Qxd7 23.Ba1 Bc6 24.Rd2 Qd6 25.Rdd1 Qf4 26.Qe3 Qh4 27.Qg3 Qxg3 28.
hxg3 Ba4 29.Rd2 Bb3 30.Rc1 Bf8 31.Bb2 Bh6 32.f4 e5 33.Rc3 Ba4 34.Rf3 e4 
35.Re3 f5 36.d5 Kf7 37.Be5 Re8 38.Kf2 Bf8 39.Bd4 Bd6 40.Rc3 Rc7 41.Rb2 Bd7
42.Rbc2 Rec8 43.Ke3 Ba4 44.Rc1 Ke7 45.Be2 1/2-1/2

[Event "Xtracon Chess Open 2018"]
[Site "Elsinore"]
[Date "2018.07.25"]
[Round "6"]
[White "Tolba, Henri"]
[Black "Mai, Alexander Oliver"]
[Result "0-1"]
[WhiteElo "1751"]
[BlackElo "1966"]
[EventDate "2018.07.21"]
[WhiteFideId "1418246"]
[BlackFideId "2313391"]

1.e4 c5 2.Nc3 a6 3.Nf3 d6 4.d4 cxd4 5.Nxd4 Nf6 6.Be2 e5 7.Nb3 Be7 8.Bg5 
Be6 9.f4 exf4 10.Bxf4 Nc6 11.O-O O-O 12.Bg5 Rc8 13.Kh1 Nd7 14.Bxe7 Qxe7 
15.Nd5 Bxd5 16.exd5 Nce5 17.Nd4 g6 18.c4 Nxc4 19.Bxc4 Rxc4 20.Rc1 Rxc1 21.
Qxc1 Qe4 22.Nf3 Ne5 23.Nxe5 Qxe5 24.Qd2 Re8 25.h3 Kg7 26.Rc1 Re7 27.b3 h5 
28.a4 Kh7 29.Rc8 Qg3 0-1

[Event "Xtracon Chess Open 2018"]
[Site "Elsinore"]
[Date "2018.07.25"]
[Round "6"]
[White "Hyldkrog, Lars"]
[Black "Rasmussen, Morten"]
[Result "1-0"]
[WhiteElo "1961"]
[BlackElo "1837"]
[EventDate "2018.07.21"]
[WhiteFideId "1402781"]
[BlackFideId "1410865"]

1.e4 c5 2.Nf3 Nc6 3.d4 cxd4 4.Nxd4 e6 5.Nc3 Qc7 6.Be3 a6 7.Qf3 d6 8.O-O-O 
Nf6 9.g4 Ne5 10.Qg3 Nexg4 11.Bg5 h6 12.Bxf6 Nxf6 13.f4 g6 14.Bd3 Bd7 15.
Rhf1 O-O-O 16.e5 Nh5 17.Qe3 Be8 18.Bxg6 fxg6 19.Nxe6 Qd7 20.Nxf8 Rxf8 21.
e6 Qc6 22.e7 Rf5 23.Qe6+ Rd7 24.Nd5 Kb8 25.Qg8 Nf6 26.Nxf6 Rc7 27.Qxe8+ 
Qxe8 28.Nxe8 Rxe7 29.Nxd6 1-0

[Event "Xtracon Chess Open 2018"]
[Site "Elsinore"]
[Date "2018.07.25"]
[Round "6"]
[White "Nielsen, Morten Majlund"]
[Black "Aase, Olav Idar"]
[Result "1-0"]
[WhiteElo "1959"]
[BlackElo "1832"]
[EventDate "2018.07.21"]
[WhiteFideId "1445448"]
[BlackFideId "1502646"]

1.e4 c5 2.Nf3 d6 3.d4 cxd4 4.Nxd4 Nf6 5.Nc3 Nc6 6.Bc4 Qb6 7.Nxc6 bxc6 8.
Qf3 g6 9.Bb3 Bg7 10.Be3 Qc7 11.O-O O-O 12.Rfe1 Ng4 13.Bf4 Ne5 14.Qe2 a5 
15.Rad1 Ba6 16.Qe3 Nc4 17.Bxc4 Bxc4 18.e5 d5 19.b3 Ba6 20.Na4 e6 21.Nc5 
Rfb8 22.a4 Qa7 23.Qc3 Rb4 24.Be3 Qc7 25.Bd4 Bf8 26.Re3 Qa7 27.Ne4 Rxd4 28.
Nf6+ Kh8 29.Rxd4 c5 30.Rh3 h6 31.Qe3 1-0

[Event "Xtracon Chess Open 2018"]
[Site "Elsinore"]
[Date "2018.07.25"]
[Round "6"]
[White "Christiansen, Torsten Sundgaar"]
[Black "Haraldsson, Leif"]
[Result "0-1"]
[WhiteElo "1722"]
[BlackElo "1942"]
[EventDate "2018.07.21"]
[WhiteFideId "1419714"]
[BlackFideId "1710648"]

1.d4 f5 2.g4 d5 3.gxf5 Bxf5 4.Bg5 c6 5.Nc3 Nd7 6.e3 Ngf6 7.Bd3 Bxd3 8.Qxd3
Qa5 9.Ne2 Ne4 10.h4 e5 11.f3 Nd6 12.e4 dxe4 13.fxe4 h6 14.Bd2 Qb6 15.Na4 
Qb5 16.b3 exd4 17.Nxd4 Qe5 18.Nc3 Nc5 19.Qe3 Ncxe4 20.O-O-O O-O-O 21.Rde1 
Re8 22.Rhf1 Qc5 23.Qh3+ Kb8 24.Nxe4 Nxe4 25.Qd7 Bd6 26.Rf7 Qb6 27.Ba5 Qa6 
28.Rxe4 Ba3+ 29.Kd1 Rxe4 30.Ne6 Qe2# 0-1

[Event "Xtracon Chess Open 2018"]
[Site "Elsinore"]
[Date "2018.07.25"]
[Round "6"]
[White "Henningsen, Lasse"]
[Black "Nesse, David"]
[Result "1-0"]
[WhiteElo "1930"]
[BlackElo "1825"]
[EventDate "2018.07.21"]
[WhiteFideId "1425315"]
[BlackFideId "1519875"]

1.d4 Nf6 2.c4 c5 3.Nf3 g6 4.g3 cxd4 5.Nxd4 Nc6 6.Bg2 Bg7 7.O-O O-O 8.Nc3 
a6 9.Nc2 Qc7 10.Rb1 b6 11.b3 Bb7 12.Bb2 Rfb8 13.e4 Na7 14.Ne3 b5 15.Ncd5 
Nxd5 16.cxd5 d6 17.Bxg7 Kxg7 18.Qd4+ f6 19.Rbc1 Qa5 20.f4 b4 21.e5 Nb5 22.
Qd2 Nc3 23.a4 Rc8 24.Kh1 Rc5 25.exf6+ exf6 26.Rfe1 Rac8 27.Nf5+ gxf5 28.
Re7+ Kf8 29.Rxb7 R5c7 30.Rxc7 Qxc7 31.Qd4 Kg7 32.Qxb4 Qc5 33.Qxc5 Rxc5 34.
b4 Rc7 35.Bf1 Nxd5 36.Rxc7+ Nxc7 37.b5 axb5 38.Bxb5 Kf7 39.Bd7 Na6 40.Bxf5
h6 41.a5 Ke7 42.Bc8 Nc7 43.Kg2 d5 44.g4 d4 45.h4 Nd5 46.a6 Nxf4+ 47.Kf3 
Nd5 48.a7 Nb6 49.Bb7 Ke6 50.Ke4 f5+ 51.gxf5+ Kf6 52.a8=Q Nxa8 53.Bxa8 d3 
54.Kf4 d2 55.Bf3 Kf7 56.Bd1 Kf6 57.h5 Kf7 58.Ke5 Ke7 59.Bb3 Kf8 60.Kf6 
d1=Q 61.Bxd1 1-0

[Event "Xtracon Chess Open 2018"]
[Site "Elsinore"]
[Date "2018.07.25"]
[Round "6"]
[White "Loveid, Erik"]
[Black "Jarlnaes, Erik"]
[Result "1/2-1/2"]
[WhiteElo "1715"]
[BlackElo "1930"]
[EventDate "2018.07.21"]
[WhiteFideId "1520067"]
[BlackFideId "1414623"]

1.d4 Nf6 2.Bg5 d5 3.Bxf6 exf6 4.g3 c6 5.Bg2 Qb6 6.b3 Bg4 7.Nf3 a5 8.O-O a4
9.Nc3 axb3 10.axb3 Rxa1 11.Qxa1 Bd6 12.Na4 Qa7 13.Qc3 b5 14.Nb2 O-O 15.Nd3
Re8 16.e3 Qb6 17.Ra1 b4 18.Qd2 Na6 19.Ra4 Bd7 20.Nfe1 Ra8 21.Ra1 Nc7 22.
Rxa8+ Nxa8 23.c4 bxc3 24.Qxc3 Nc7 25.b4 Na6 26.Nc2 Bf5 27.Bf1 Bxd3 28.Qxd3
Nxb4 29.Nxb4 Bxb4 30.Qa6 Qxa6 31.Bxa6 c5 32.dxc5 Bxc5 33.Bb7 d4 34.exd4 
Bxd4 35.Kf1 h5 36.h3 f5 37.Ba6 Kf8 38.Be2 g6 39.Kg2 Kg7 40.f3 Be5 41.Bd3 
h4 42.g4 fxg4 43.fxg4 Kf6 44.Kf3 Kg5 45.Bc2 1/2-1/2

[Event "Xtracon Chess Open 2018"]
[Site "Elsinore"]
[Date "2018.07.25"]
[Round "6"]
[White "Stage-Steffensen, Sander"]
[Black "Hafstad, Leif"]
[Result "1/2-1/2"]
[WhiteElo "1928"]
[BlackElo "1817"]
[EventDate "2018.07.21"]
[WhiteFideId "1455796"]
[BlackFideId "438030"]

1.e4 e6 2.d3 d5 3.Nd2 c5 4.Ngf3 Nc6 5.g3 g6 6.Bg2 Bg7 7.O-O Nge7 8.Re1 O-O
9.Rb1 b5 10.a3 a5 11.Qe2 d4 12.e5 Nd5 13.Ne4 Nxe5 14.Nxe5 Bxe5 15.Nxc5 Bg7
16.h4 Ra7 17.Ne4 Rc7 18.Bg5 f6 19.Bc1 e5 20.c4 bxc4 21.dxc4 Ba6 22.b3 Ne7 
1/2-1/2

[Event "Xtracon Chess Open 2018"]
[Site "Elsinore"]
[Date "2018.07.25"]
[Round "6"]
[White "Madison, Sigurd"]
[Black "Green, Per"]
[Result "0-1"]
[WhiteElo "1704"]
[BlackElo "1927"]
[EventDate "2018.07.21"]
[WhiteFideId "1711806"]
[BlackFideId "1703811"]

1.e4 c5 2.Nf3 e6 3.d4 cxd4 4.Nxd4 Nc6 5.Nb3 Nf6 6.Nc3 Bb4 7.Qf3 d5 8.Bd2 
Bxc3 9.Bxc3 Nxe4 10.Bxg7 Rg8 11.Bc3 Qg5 12.h4 Qh6 13.g4 Nxc3 14.g5 Qg7 15.
bxc3 Ne5 16.Qg3 Bd7 17.f4 Nc6 18.O-O-O Qf8 19.Kb2 a5 20.Bg2 a4 21.Nd4 Na5 
22.f5 Nc4+ 23.Ka1 exf5 24.Bxd5 Qc5 25.Bxc4 Qxc4 26.Qe5+ Kd8 27.Nb5 Qc6 28.
Rd6 Qxh1+ 29.Kb2 a3+ 30.Nxa3 Ra6 31.Nb5 Rxd6 32.Nxd6 Rf8 33.c4 Be6 34.Qc5 
Qc6 35.Nxb7+ Qxb7+ 36.Kc1 Re8 37.Qd6+ Kc8 38.a4 Qc7 39.Qa6+ Kd8 40.Qb5 Bd7
41.Qd5 Qf4+ 42.Kb2 Qb8+ 43.Kc1 Re1+ 44.Kd2 Re6 45.Qa5+ Ke8 46.h5 Qd6+ 47.
Kc1 Re1+ 48.Kb2 Qb8+ 49.Ka3 Re6 50.Qc5 Qb7 51.Qb4 Qa6 52.Kb2 Rb6 0-1